00342nam a2200121Ia 4500003000400000008004100004040001600045082001500061245005000076260007800126300001100204490000500215GCL140319s9999 xx 000 0 ara d aGCL / cGCL04a253bع ا10aاداب المعاملة فى الاسلام a[S.N] : bلجنة الاعلام والدراسات المستقبلية a182 ص a